Vicente Nasi : un architetto italiano in Colombia, fra eclettismo e modernità = Vicente Nasi : un arquitecto italiano en Colombia, entre eclecticismo y modernidad /

Esta obra es una monografía dedicada a la figura del arquitecto Vicente Nasi (1906-1992), nacido en Turín, Italia y radicado en Bogotá, Colombia, desde joven y hasta su muerte. A través de una investigación rigurosa, los autores reconstruyen la trayectoria profesional de Nasi, quien desarrolló una c...

Descrición completa

Gardado en:
Detalles Bibliográficos
Autor Principal: Dameri, Annalisa (autor)
Outros autores: Mellano, Paolo (autor) (autor)
Formato: Libro
Idioma:Lingua castelá
Publicado: Turín, Italia : Politecnico di Torino, 2020, c2020
Series:(La cultura de la ciudad)
Temas:
Etiquetas: Engadir etiqueta
Sen Etiquetas, Sexa o primeiro en etiquetar este rexistro!

MARC

LEADER 00000nam^a2200000^a^4500
001 000615298
005 20250815000000.0
009 20260310133658.455
020 |a 978-88-85745-41-4 
037 |a Acervo ITESO - Biblioteca 
041 |a GRA 
041 |a ESP 
082 |a 720. 94509  |b DAM MEL 
100 |a Dameri, Annalisa  |e (autor) 
245 1 0 |a Vicente Nasi :  |b un architetto italiano in Colombia, fra eclettismo e modernità = Vicente Nasi : un arquitecto italiano en Colombia, entre eclecticismo y modernidad /  |c A. Dameri, P. Mellano. 
264 4 |a Turín, Italia :  |b Politecnico di Torino,  |c 2020, c2020 
300 |a 174 p. 
336 |a texto  |b txt  |2 rdacontenido 
337 |a sin mediación  |b n  |2 rdamedio 
338 |a volumen  |b nc  |2 rdasoporte 
440 4 |a (La cultura de la ciudad) 
520 |a Esta obra es una monografía dedicada a la figura del arquitecto Vicente Nasi (1906-1992), nacido en Turín, Italia y radicado en Bogotá, Colombia, desde joven y hasta su muerte. A través de una investigación rigurosa, los autores reconstruyen la trayectoria profesional de Nasi, quien desarrolló una carrera de más de cincuenta años en Colombia, Venezuela, Italia, África y Estados Unidos. Su obra se sitúa en la intersección entre el eclecticismo arquitectónico y la modernidad racionalista, reflejando una tensión constante entre la memoria de su formación europea y los desafíos del progreso urbano en América Latina. 
546 |a Edición gráfica con texto bilingüe español-italiano 
649 |a XX 
650 |a Arquitectos Italianos 
650 |a Artistas Italianos 
650 |a Arquitectura Ecléctica -  |z Colombia -  |x Historia y Crítica 
650 |a Arquitectura Moderna -  |z Colombia -  |x Historia y Crítica 
650 |a Arquitectura Colombiana -  |x Historia y Crítica 
650 |a Arquitectura Colombiana -  |y Siglo XX 
650 |a Arte Colombiano -  |x Historia y Crítica 
650 |a Arte Colombiano -  |y Siglo XX 
650 |a Nasi, Vicente -  |x Tema Principal 
700 |a Mellano, Paolo  |e (autor) 
910 |a Fondo General 
920 |a Impresos - Libros 
930 |a Reserva Especial 
905 |a 103 
901 |a 615714-10  |b IT1  |c REE  |i D131838  |u 20250815 
902 |a https://opac.biblio.iteso.mx/vufind/Record/000615298